Game Show Hosts Quiz - Statistics

General Stats
  • This quiz has been taken 11,209 times
    3,723 since last reset
  • The average score is 9 of 16
Answer Stats
Show Years Host % Correct
Jeopardy 1984–2020 Alex Trebek
88%
The Price is Right 1972–2007 Bob Barker
77%
Family Feud 2010– Steve Harvey
76%
The Price is Right 2007– Drew Carey
73%
Deal or No Deal 2005–2009 Howie Mandel
72%
Wheel of Fortune 1981– Pat Sajak
70%
Who Wants to be a Millionaire? 1999–2002 Regis Philbin
63%
American Idol 2002– Ryan Seacrest
62%
Are You Smarter Than a 5th Grader? 2007– Jeff Foxworthy
61%
Survivor 2000– Jeff Probst
42%
Fear Factor 2001–2006 Joe Rogan
42%
Family Feud 1976–1985 Richard Dawson
41%
The $10,000 Pyramid 1973–1989 Dick Clark
30%
Double Dare 1986–1988 Marc Summers
21%
You Bet Your Life 1950–1961 Groucho Marx
18%
The Weakest Link 2001–2002 Anne Robinson
14%
No matching quizzes found
Score Distribution
Percent of People with Each Score
Percentile by Number Answered
Your Score History
You have not taken this quiz since the last reset